Quiz technique Minecraft - Statistiques

Statistiques générales
  • Ce quiz a été pris 36 fois
  • Le résultat moyen est 5 sur 15
Statistiques - réponses
Question Réponse % Correct
Lequel de ces blocs n'émet PAS de lumière ? Le bloc de verre teinté
78%
Quelle créature a été ajoutée au jeu suite au vote de la Minecon Earth 2017 ? Le Phantom
56%
Si vous donnez le nom 'Johnny' à un Vindicateur (Vindicator), que se passe-t-il ? Il attaque toutes les créatures proches
44%
Quel est l'effet de l'enchantement 'Affinité Aquatique' (Aqua Affinity) sur un casque ? Supprime la pénalité de vitesse de minage sous l'eau
44%
Lequel de ces mobs possède la plus grande distance de détection (agro) naturelle, capable de repérer un joueur à 100 blocs même sans contact visuel direct initial ? Le Ghast
41%
Quel était le nom de la mise à jour 1.5 ? The Redstone Update
41%
Quelle est la probabilité qu'un Squelette apparaisse sous sa forme 'Jockey' (chevauchant une araignée) ? 1%
38%
Combien de types de bois différents (planches) existaient dans la version Alpha du jeu ? 1
34%
Quel bloc permet de doubler la puissance d'un signal de comparateur Redstone ? Aucun bloc ne peut doubler un signal
28%
Quelle est la particularité du bloc de 'Soupe suspecte' (Suspicious Stew) fabriqué avec une Marguerite (Oxeye Daisy) ? Elle donne l'effet Régénération
25%
Quelle fleur permet de fabriquer de la teinture 'Gris Clair' directement ? L'Azure Bluet
25%
Lequel de ces mobs est totalement immunisé aux dégâts de chute ? Le Golem de fer
22%
Quel est le nombre maximum d'utilisations d'une pioche en Netherite (sans enchantement) ? 2031
16%
Quelle est la durabilité exacte d'une canne à pêche ? 64
16%
Lequel de ces blocs techniques, bien qu'il ne soit pas un combustible conventionnel comme le bois, possède une valeur de combustion de 0 'tick' et peut être placé dans la fente combustible d'un four (version Java) sans jamais s'allumer ? Le chariot de mine avec four (Furnace Minecart)
16%
Aucun quiz correspondant
Distribution des résultats
% des personnes avec chaque résultat
Percentile par nombre de réponses
Votre historique - résultats
Vous n’avez pas pris ce quiz